| 000 -LEADER |
| fixed length control field |
01622cam a22003134a 4500 |
| 001 - CONTROL NUMBER |
| control field |
14888276 |
| 003 - CONTROL NUMBER IDENTIFIER |
| control field |
OSt |
| 005 - DATE AND TIME OF LATEST TRANSACTION |
| control field |
20170206120943.0 |
| 008 - FIXED-LENGTH DATA ELEMENTS--GENERAL INFORMATION |
| fixed length control field |
070612s2008 azua b 001 0 eng |
| 010 ## - LIBRARY OF CONGRESS CONTROL NUMBER |
| LC control number |
2007023929 |
| 020 ## - INTERNATIONAL STANDARD BOOK NUMBER |
| International Standard Book Number |
9781890871819 |
| 020 ## - INTERNATIONAL STANDARD BOOK NUMBER |
| International Standard Book Number |
1890871818 |
| 040 ## - CATALOGING SOURCE |
| Original cataloging agency |
DLC |
| Transcribing agency |
DLC |
| Modifying agency |
DLC |
| 050 00 - LIBRARY OF CONGRESS CALL NUMBER |
| Classification number |
QP301 |
| Item number |
.I65 2008 |
| 082 00 - DEWEY DECIMAL CLASSIFICATION NUMBER |
| Classification number |
612/.044 |
| Edition number |
22 |
| 245 00 - TITLE STATEMENT |
| Title |
Introduction to exercise science / |
| Statement of responsibility, etc. |
edited by Terry J. Housh, Dona J. Housh, Glen Johnson. |
| 250 ## - EDITION STATEMENT |
| Edition statement |
3rd ed. |
| 260 ## - PUBLICATION, DISTRIBUTION, ETC. (IMPRINT) |
| Place of publication, distribution, etc. |
Scottsdale, Ariz. : |
| Name of publisher, distributor, etc. |
Holcomb Hathaway Publishers, |
| Date of publication, distribution, etc. |
c2008. |
| 300 ## - PHYSICAL DESCRIPTION |
| Extent |
xv, 288 p. : |
| Other physical details |
ill. ; |
| Dimensions |
28 cm. |
| 504 ## - BIBLIOGRAPHY, ETC. NOTE |
| Bibliography, etc |
Includes bibliographical references and index. |
| 505 0# - FORMATTED CONTENTS NOTE |
| Formatted contents note |
Introduction -- History of exercise science -- Reading and interpreting the literature in exercise science -- Measurement in exercise science -- Anatomy in exercise science -- Exercise physiology -- Epidemiology -- Athletic training -- Exercise and sport nutrition -- Biomechanics -- Motor control and motor learning -- Exercise and sport psychology. |
| 650 #0 - SUBJECT ADDED ENTRY--TOPICAL TERM |
| Topical term or geographic name as entry element |
Exercise |
| Form subdivision |
Textbooks. |
| 650 #0 - SUBJECT ADDED ENTRY--TOPICAL TERM |
| Topical term or geographic name as entry element |
Sports sciences |
| General subdivision |
Vocational guidance. |
| 700 1# - ADDED ENTRY--PERSONAL NAME |
| Personal name |
Housh, Terry J. |
| 700 1# - ADDED ENTRY--PERSONAL NAME |
| Personal name |
Housh, Dona J. |
| 700 1# - ADDED ENTRY--PERSONAL NAME |
| Personal name |
Johnson, Glen O. |
| Fuller form of name |
(Glen Oliver), |
| Dates associated with a name |
1938- |
| 856 41 - ELECTRONIC LOCATION AND ACCESS |
| Materials specified |
Table of contents only |
| Uniform Resource Identifier |
<a href="http://www.loc.gov/catdir/toc/ecip0720/2007023929.html">http://www.loc.gov/catdir/toc/ecip0720/2007023929.html</a> |
| 906 ## - LOCAL DATA ELEMENT F, LDF (RLIN) |
| a |
7 |
| b |
cbc |
| c |
orignew |
| d |
1 |
| e |
ecip |
| f |
20 |
| g |
y-gencatlg |
| 942 ## - ADDED ENTRY ELEMENTS (KOHA) |
| Source of classification or shelving scheme |
|
| Koha item type |
Hard Covered Materials |
| Classification part |
QP 301 .I65 2008 |